| 000 | 00666nam a2200217 i 4500 | ||
|---|---|---|---|
| 001 | 60328 | ||
| 003 | ES-MaACL | ||
| 005 | 20250804062531.0 | ||
| 007 | t| | ||
| 008 | 031104s1969 sp ||||1| spa d | ||
| 080 | _a1 Marcuse, Herbert | ||
| 100 | 1 |
_aEscohotado, Antonio, _d1941-2021 _947583 |
|
| 245 | 1 | 0 |
_aMarcuse _b: utopía y razón / _cAntonio Escohotado. |
| 260 |
_aMadrid : _bAlianza, _c[1969] |
||
| 300 |
_a195 p. ; _c18 cm. |
||
| 490 | 1 |
_aEl libro de bolsillo ; _v197 |
|
| 600 | 0 | 4 |
_aMarcuse, Herbert, _d1898-1979 _976559 |
| 830 | 0 | 3 |
_aEl libro de bolsillo _v197 _9177802 |
| 852 |
_aES-MaACL _jC-52277 _bR.71155 |
||
| 999 |
_c60328 _d60328 |
||